[Event "30. Open Pula 2016"]
[Site "Pula CRO"]
[Date "2016.09.12"]
[Round "3.6"]
[White "Krsnik Cohar, Ivan Vihor"]
[Black "Sestic, Nermin"]
[Result "1-0"]
[WhiteElo "2330"]
[BlackElo "2115"]
[PlyCount "91"]
[EventDate "2016.09.10"]
[EventType "swiss"]
[EventRounds "9"]
[EventCountry "CRO"]
[SourceTitle "Ajedrez en Madrid"]
[Source "lmi"]
[SourceDate "2016.09.10"]
[SourceVersion "1"]
[SourceVersionDate "2017.04.19"]
[SourceQuality "1"]

1. c4 Nf6 2. g3 g6 3. Bg2 d5 4. d4 c6 5. b3 Bg7 6. e3 O-O 7. Ne2 Nbd7 8. O-O e5
9. Bb2 e4 10. Nbc3 Re8 11. Rc1 dxc4 12. bxc4 Nb6 13. Na4 Be6 14. Nc5 Bxc4 15.
Nxb7 Qe7 16. Na5 Qb4 17. Bc3 Qb5 18. Re1 Bd3 19. Bd2 Bf8 20. Nf4 Nc4 21. Nxd3
Nxd2 22. Qxd2 Qxd3 23. Qxd3 exd3 24. Red1 Rab8 25. Rxc6 Kg7 26. Nb3 a5 27. Ra6
Rec8 28. Rxd3 Rc2 29. Rd2 Rxd2 30. Nxd2 Rb2 31. Nc4 Rc2 32. Bf1 Bb4 33. Ne5 Ne4
34. Bd3 Rc1+ 35. Kg2 Nc3 36. a3 Bxa3 37. Rxa5 Bd6 38. Ra7 Bxe5 39. dxe5 Nd5 40.
e6 Rc7 41. Rxc7 Nxc7 42. exf7 Kxf7 43. f4 Kf6 44. e4 h6 45. e5+ Kf7 46. Kf3 1-0

[Event "30. Open Pula 2016"]
[Site "Pula CRO"]
[Date "2016.09.12"]
[Round "3.7"]
[White "Berke, Ana"]
[Black "Molnar, Bela"]
[Result "1-0"]
[WhiteElo "2128"]
[BlackElo "2290"]
[PlyCount "57"]
[EventDate "2016.09.10"]
[EventType "swiss"]
[EventRounds "9"]
[EventCountry "CRO"]
[SourceTitle "Ajedrez en Madrid"]
[Source "lmi"]
[SourceDate "2016.09.10"]
[SourceVersion "1"]
[SourceVersionDate "2017.04.19"]
[SourceQuality "1"]

1. e4 e6 2. c4 b6 3. d4 Bb7 4. Bd3 f5 5. exf5 Bb4+ 6. Kf1 Nf6 7. Nc3 O-O 8. a3
Bxc3 9. bxc3 Ne4 10. Nf3 exf5 11. c5 Kh8 12. cxb6 axb6 13. c4 d6 14. Bb2 Nd7
15. d5 Ndc5 16. h4 Ba6 17. Kg1 Kg8 18. Qc2 Qe8 19. Ng5 h6 20. Bxe4 fxe4 21. Qc3
Rf6 22. Re1 hxg5 23. hxg5 Rg6 24. Qh3 Qf8 25. Qh7+ Kf7 26. Rh4 Rxg5 27. Rf4+
Ke7 28. Rxf8 Rxf8 29. Qh4 1-0

[Event "30. Open Pula 2016"]
[Site "Pula CRO"]
[Date "2016.09.12"]
[Round "3.8"]
[White "Zierke, Oliver"]
[Black "Kozak, Antoni"]
[Result "1-0"]
[WhiteElo "2238"]
[BlackElo "2105"]
[PlyCount "67"]
[EventDate "2016.09.10"]
[EventType "swiss"]
[EventRounds "9"]
[EventCountry "CRO"]
[SourceTitle "Ajedrez en Madrid"]
[Source "lmi"]
[SourceDate "2016.09.10"]
[SourceVersion "1"]
[SourceVersionDate "2017.04.19"]
[SourceQuality "1"]

1. d4 Nf6 2. Nf3 e6 3. Bg5 d5 4. e3 Be7 5. Nbd2 O-O 6. Bd3 Nbd7 7. O-O h6 8.
Bh4 c5 9. c3 b6 10. Ne5 Bb7 11. f4 Ne4 12. Bxe7 Qxe7 13. Qe2 a5 14. Rad1 Rfd8
15. Qh5 f6 16. Ng4 Qf7 17. Qh4 Ba6 18. Nxe4 dxe4 19. Bxa6 Rxa6 20. Nf2 Qg6 21.
dxc5 bxc5 22. Rd2 Kf8 23. Rfd1 Ke8 24. f5 exf5 25. Qf4 Re6 26. Qc7 Re7 27. Nh3
Qf7 28. Nf4 g5 29. Nd5 Re6 30. Qxa5 Rc6 31. Nc7+ Rxc7 32. Qxc7 Qe6 33. Rd6 Qe5
34. Qc6 1-0

[Event "30. Open Pula 2016"]
[Site "Pula CRO"]
[Date "2016.09.12"]
[Round "3.9"]
[White "Klem, Davor"]
[Black "Licardo, Renato"]
[Result "1/2-1/2"]
[WhiteElo "2048"]
[BlackElo "2215"]
[PlyCount "113"]
[EventDate "2016.09.10"]
[EventType "swiss"]
[EventRounds "9"]
[EventCountry "CRO"]
[SourceTitle "Ajedrez en Madrid"]
[Source "lmi"]
[SourceDate "2016.09.10"]
[SourceVersion "1"]
[SourceVersionDate "2017.04.19"]
[SourceQuality "1"]

1. e4 Nf6 2. e5 Nd5 3. c4 Nb6 4. c5 Nd5 5. Nc3 e6 6. d4 Nxc3 7. bxc3 d6 8. cxd6
cxd6 9. Nf3 Nc6 10. exd6 Bxd6 11. Bd3 Ne7 12. O-O Ng6 13. Re1 O-O 14. Ng5 h6
15. Ne4 Bc7 16. g3 e5 17. Qh5 Re8 18. Bc4 Be6 19. d5 Bxd5 20. Bxd5 Qxd5 21.
Bxh6 Qc6 22. Rad1 Rad8 23. Rxd8 Bxd8 24. Bg5 Qe6 25. Rd1 Bb6 26. Nd6 Rb8 27. a4
e4 28. Qe2 Qe5 29. Be3 Bxe3 30. Qxe3 Rd8 31. Qd4 b6 32. Qd5 Qxd5 33. Rxd5 Kf8
34. Rd4 Ne5 35. Kg2 Nc6 36. Rd2 f5 37. g4 g6 38. Kg3 Ne5 39. Nxe4 Rxd2 40. Nxd2
Nxg4 41. Nc4 Ke7 42. f3 Nf6 43. Ne5 g5 44. Nc6+ Kd6 45. Nxa7 Kc5 46. h4 Nh5+
47. Kh3 gxh4 48. Kxh4 Nf4 49. Kg5 Ne2 50. Kxf5 Nxc3 51. Nc8 Nxa4 52. Nxb6 Nxb6
53. Ke6 Kd4 54. f4 Ke4 55. f5 Nd5 56. f6 Nxf6 57. Kxf6 1/2-1/2

[Event "30. Open Pula 2016"]
[Site "Pula CRO"]
[Date "2016.09.12"]
[Round "3.10"]
[White "Csiki, Endre"]
[Black "Fucak, Emilio Milko"]
[Result "1/2-1/2"]
[WhiteElo "2029"]
[BlackElo "2208"]
[PlyCount "83"]
[EventDate "2016.09.10"]
[EventType "swiss"]
[EventRounds "9"]
[EventCountry "CRO"]
[SourceTitle "Ajedrez en Madrid"]
[Source "lmi"]
[SourceDate "2016.09.10"]
[SourceVersion "1"]
[SourceVersionDate "2017.04.19"]
[SourceQuality "1"]

1. e4 d6 2. d4 Nf6 3. Nc3 g6 4. f3 c6 5. Be3 Qb6 6. Qc1 Bg7 7. Nge2 h5 8. b3
Qc7 9. Qd2 Nbd7 10. h3 a6 11. Rg1 b5 12. g4 hxg4 13. hxg4 Bb7 14. O-O-O c5 15.
dxc5 Nxc5 16. e5 Nfd7 17. exd6 exd6 18. Bd4 Bxd4 19. Nxd4 b4 20. Re1+ Kf8 21.
Ne4 Re8 22. Bg2 Bxe4 23. fxe4 Ne5 24. Kb1 a5 25. Nb5 Qc6 26. Qxd6+ Qxd6 27.
Nxd6 Rd8 28. Rd1 Rh2 29. Rd5 f6 30. g5 Rxg2 31. Rxg2 Nxe4 32. Nxe4 Rxd5 33.
Nxf6 Rd1+ 34. Kb2 Nf3 35. Rf2 Nd4 36. Ne4+ Ke7 37. c3 Nb5 38. Re2 Kf7 39. Kc2
Ra1 40. Kb2 Rg1 41. c4 Na3 42. Nd6+ 1/2-1/2

[Event "30. Open Pula 2016"]
[Site "Pula CRO"]
[Date "2016.09.12"]
[Round "3.11"]
[White "Ciganovic, Nikola"]
[Black "Luijpen, Michiel"]
[Result "1/2-1/2"]
[WhiteElo "2206"]
[BlackElo "1958"]
[PlyCount "91"]
[EventDate "2016.09.10"]
[EventType "swiss"]
[EventRounds "9"]
[EventCountry "CRO"]
[SourceTitle "Ajedrez en Madrid"]
[Source "lmi"]
[SourceDate "2016.09.10"]
[SourceVersion "1"]
[SourceVersionDate "2017.04.19"]
[SourceQuality "1"]

1. e4 d5 2. exd5 Qxd5 3. Nc3 Qa5 4. d4 Nf6 5. Bd2 c6 6. Nf3 Qb6 7. Bc4 Bf5 8.
Bb3 e6 9. Qe2 Be7 10. O-O-O Nbd7 11. Rhe1 O-O-O 12. Bf4 Bb4 13. Na4 Qb5 14. c3
Qxe2 15. Rxe2 Ba5 16. Ne5 Bc7 17. c4 Ng4 18. Bg5 f6 19. Nxd7 Rxd7 20. Bd2 Rxd4
21. Nc5 Ne5 22. Bc3 Rxd1+ 23. Kxd1 Rd8+ 24. Ke1 b6 25. f4 Nf3+ 26. Kf2 Nd4 27.
Bxd4 Rxd4 28. Nxe6 Bxe6 29. Rxe6 Rxf4+ 30. Ke3 Kd7 31. g3 Kxe6 32. gxf4 Kf5 33.
Bc2+ Kg4 34. h3+ Kxh3 35. Bxh7 g5 36. fxg5 fxg5 37. c5 bxc5 38. Be4 Bf4+ 39.
Kf2 g4 40. b3 Be5 41. Bxc6 Bd4+ 42. Kf1 Kg3 43. a4 Kf4 44. Bd5 Ke5 45. Bc4 Ke4
46. Kg2 1/2-1/2

[Event "30. Open Pula 2016"]
[Site "Pula CRO"]
[Date "2016.09.12"]
[Round "3.12"]
[White "Siljan, Milorad"]
[Black "Glavas, Dragan"]
[Result "1-0"]
[WhiteElo "1971"]
[BlackElo "2274"]
[PlyCount "67"]
[EventDate "2016.09.10"]
[EventType "swiss"]
[EventRounds "9"]
[EventCountry "CRO"]
[SourceTitle "Ajedrez en Madrid"]
[Source "lmi"]
[SourceDate "2016.09.10"]
[SourceVersion "1"]
[SourceVersionDate "2017.04.19"]
[SourceQuality "1"]

1. e4 e6 2. d4 d5 3. Nc3 Bb4 4. e5 Ne7 5. a3 Bxc3+ 6. bxc3 c5 7. a4 Nbc6 8. Nf3
Qa5 9. Bd2 Bd7 10. Bd3 O-O-O 11. O-O c4 12. Be2 f6 13. Bc1 Ng6 14. exf6 gxf6
15. Qd2 Rdg8 16. Ba3 Qc7 17. a5 Nf4 18. g3 e5 19. dxe5 fxe5 20. Nh4 Bh3 21. a6
Nxe2+ 22. Qxe2 b6 23. Rfe1 Qf7 24. Qf3 Qe6 25. Rad1 e4 26. Qh5 Ne5 27. f4 Qg4
28. Qxe5 Qxh4 29. Qxh8 Rxh8 30. gxh4 Rg8+ 31. Kf2 Rg2+ 32. Ke3 Rxc2 33. Bb4 Be6
34. Rd2 1-0

[Event "30. Open Pula 2016"]
[Site "Pula CRO"]
[Date "2016.09.12"]
[Round "3.13"]
[White "Barthel, Ansgar"]
[Black "Konic, Zlatko"]
[Result "1-0"]
[WhiteElo "2211"]
[BlackElo "2118"]
[PlyCount "91"]
[EventDate "2016.09.10"]
[EventType "swiss"]
[EventRounds "9"]
[EventCountry "CRO"]
[SourceTitle "Ajedrez en Madrid"]
[Source "lmi"]
[SourceDate "2016.09.10"]
[SourceVersion "1"]
[SourceVersionDate "2017.04.19"]
[SourceQuality "1"]

1. e4 e5 2. Nf3 Nc6 3. Bc4 Nf6 4. Ng5 d5 5. exd5 Na5 6. Bb5+ c6 7. dxc6 bxc6 8.
Qf3 Qd5 9. Qxd5 Nxd5 10. Ba4 Bd7 11. O-O Bc5 12. d3 Nb6 13. Nc3 Bb4 14. Bb3
Nxb3 15. axb3 O-O 16. Bd2 h6 17. Nf3 Rfe8 18. Rfe1 f6 19. Na4 Bd6 20. Be3 Nd5
21. Bc5 Bc7 22. Nd2 Ba5 23. Red1 Bg4 24. f3 Bh5 25. Nc4 Bc7 26. Nc3 Nxc3 27.
bxc3 Bf7 28. Ra6 Bd5 29. Rda1 f5 30. Ne3 e4 31. Nxf5 exd3 32. cxd3 Bxb3 33.
Rxa7 Rxa7 34. Rxa7 Be5 35. Re7 Rxe7 36. Nxe7+ Kf7 37. d4 Bf4 38. Nxc6 Ke6 39.
Kf2 Ba4 40. Nb4 Bd2 41. d5+ Kd7 42. Bd4 g6 43. Ke2 Bf4 44. g3 Bd6 45. Kd3 Bxb4
46. cxb4 1-0

[Event "30. Open Pula 2016"]
[Site "Pula CRO"]
[Date "2016.09.12"]
[Round "3.14"]
[White "Jurman, Roberto"]
[Black "Kirbis, Milan"]
[Result "1-0"]
[WhiteElo "2186"]
[BlackElo "2031"]
[PlyCount "65"]
[EventDate "2016.09.10"]
[EventType "swiss"]
[EventRounds "9"]
[EventCountry "CRO"]
[SourceTitle "Ajedrez en Madrid"]
[Source "lmi"]
[SourceDate "2016.09.10"]
[SourceVersion "1"]
[SourceVersionDate "2017.04.19"]
[SourceQuality "1"]

1. c4 e6 2. Nc3 d5 3. g3 Nf6 4. Bg2 Be7 5. Nf3 c6 6. d4 O-O 7. O-O Nbd7 8. Nd2
e5 9. e3 exd4 10. exd4 Nb6 11. c5 Nbd7 12. b4 b6 13. Nb3 bxc5 14. dxc5 Ne5 15.
Re1 Ng6 16. a4 Rb8 17. Nd4 Bd7 18. Ba3 Re8 19. Qd3 Qc8 20. Rac1 Bd8 21. f4
Rxe1+ 22. Rxe1 h6 23. Bf3 Ne7 24. b5 Nf5 25. Nce2 Ba5 26. Rb1 Nxd4 27. Nxd4 Qe8
28. Kg2 Rc8 29. Rb2 Ne4 30. Re2 f5 31. Rc2 Qg6 32. bxc6 Bxc6 33. Qa6 1-0

[Event "30. Open Pula 2016"]
[Site "Pula CRO"]
[Date "2016.09.12"]
[Round "3.15"]
[White "Ghersinich, Enrico"]
[Black "Jovanic, Ognjen"]
[Result "0-1"]
[WhiteElo "1906"]
[BlackElo "2433"]
[PlyCount "78"]
[EventDate "2016.09.10"]
[EventType "swiss"]
[EventRounds "9"]
[EventCountry "CRO"]
[SourceTitle "Ajedrez en Madrid"]
[Source "lmi"]
[SourceDate "2016.09.10"]
[SourceVersion "1"]
[SourceVersionDate "2017.04.19"]
[SourceQuality "1"]

1. e4 c6 2. Ne2 d5 3. e5 Bf5 4. Ng3 Bg6 5. h4 h5 6. d4 e6 7. Bd3 Bxd3 8. Qxd3
Qb6 9. b3 c5 10. Ba3 cxd4 11. Bxf8 Kxf8 12. Nd2 Nc6 13. Nf3 Qb4+ 14. Ke2 Nge7
15. a3 Qb6 16. Rhe1 Ng6 17. Kf1 Qd8 18. Ne2 Nxh4 19. Nf4 Nf5 20. Ne2 Qb6 21.
Rad1 Rc8 22. Ng5 Nxe5 23. Qh3 Ng6 24. Qf3 Ngh4 25. Qh3 Qd8 26. Nxe6+ fxe6 27.
Nf4 Kg8 28. g3 Qg5 29. Nxe6 Qg4 30. Qxg4 hxg4 31. gxh4 Rxh4 32. Kg2 g3 33. Rd2
Rh2+ 34. Kf3 gxf2 35. Rf1 Re8 36. Nxd4 Ne3 37. Rfxf2 Rh3+ 38. Kf4 Re4+ 39. Kg5
Rg4# 0-1

[Event "30. Open Pula 2016"]
[Site "Pula CRO"]
[Date "2016.09.12"]
[Round "3.16"]
[White "Zufic, Miroslav"]
[Black "Kejzar, Petra"]
[Result "1-0"]
[WhiteElo "2442"]
[BlackElo "1998"]
[PlyCount "59"]
[EventDate "2016.09.10"]
[EventType "swiss"]
[EventRounds "9"]
[EventCountry "CRO"]
[SourceTitle "Ajedrez en Madrid"]
[Source "lmi"]
[SourceDate "2016.09.10"]
[SourceVersion "1"]
[SourceVersionDate "2017.04.19"]
[SourceQuality "1"]

1. e4 c5 2. Nf3 e6 3. d4 cxd4 4. Nxd4 Nf6 5. Nc3 d6 6. Be3 a6 7. f3 b5 8. Qd2
Nbd7 9. g4 h6 10. O-O-O Bb7 11. h4 b4 12. Na4 Qa5 13. b3 Nc5 14. a3 Nxa4 15.
axb4 Qc7 16. bxa4 d5 17. e5 Nd7 18. f4 Nb6 19. Rh3 Nxa4 20. Bf2 Rc8 21. Be1 Nb6
22. f5 Nc4 23. Bxc4 Qxc4 24. Kb2 Be7 25. fxe6 f6 26. Nf5 fxe5 27. Qf2 Qxg4 28.
Nd6+ Kd8 29. Qb6+ Rc7 30. Rc3 1-0

[Event "30. Open Pula 2016"]
[Site "Pula CRO"]
[Date "2016.09.12"]
[Round "3.17"]
[White "Muskardin, Mario"]
[Black "Marceta, Milan"]
[Result "1-0"]
[WhiteElo "2280"]
[BlackElo "1950"]
[PlyCount "65"]
[EventDate "2016.09.10"]
[EventType "swiss"]
[EventRounds "9"]
[EventCountry "CRO"]
[SourceTitle "Ajedrez en Madrid"]
[Source "lmi"]
[SourceDate "2016.09.10"]
[SourceVersion "1"]
[SourceVersionDate "2017.04.19"]
[SourceQuality "1"]

1. Nf3 Nf6 2. c4 c5 3. Nc3 g6 4. d4 cxd4 5. Nxd4 Bg7 6. e4 d6 7. Be2 a6 8. Be3
O-O 9. O-O Nbd7 10. Qd2 Nc5 11. f3 b6 12. b4 Ne6 13. Rac1 Bb7 14. Nd5 Nxd5 15.
cxd5 Nxd4 16. Bxd4 e6 17. Bxg7 Kxg7 18. dxe6 fxe6 19. Rfd1 d5 20. Qd4+ Kg8 21.
Qe5 Qf6 22. Qc7 Rab8 23. e5 Qf5 24. Bd3 Qf4 25. Qxb6 Rfe8 26. Rc7 Ba8 27. Qa7
Qxe5 28. Rxh7 Qf6 29. Rh6 Rb7 30. Rxg6+ Rg7 31. Rxg7+ Qxg7 32. Qxg7+ Kxg7 33.
Bxa6 1-0

[Event "30. Open Pula 2016"]
[Site "Pula CRO"]
[Date "2016.09.12"]
[Round "3.18"]
[White "Bradaric, Ratomir"]
[Black "Thuesen, Mogens"]
[Result "0-1"]
[WhiteElo "1994"]
[BlackElo "2196"]
[PlyCount "92"]
[EventDate "2016.09.10"]
[EventType "swiss"]
[EventRounds "9"]
[EventCountry "CRO"]
[SourceTitle "Ajedrez en Madrid"]
[Source "lmi"]
[SourceDate "2016.09.10"]
[SourceVersion "1"]
[SourceVersionDate "2017.04.19"]
[SourceQuality "1"]

1. e4 c5 2. Bc4 e6 3. Nc3 a6 4. d3 b5 5. Bb3 Nc6 6. Nge2 Nf6 7. Bg5 Be7 8. Bxf6
Bxf6 9. Qd2 O-O 10. O-O Na5 11. a3 Nxb3 12. cxb3 d5 13. Qf4 d4 14. Nd1 e5 15.
Qf3 Be6 16. Qg3 Bxb3 17. f4 exf4 18. Qxf4 Qb8 19. Qg4 Be6 20. Qh5 Be5 21. Rf3
f6 22. Nf2 Qe8 23. Qxe8 Rfxe8 24. Nf4 Rac8 25. Nxe6 Rxe6 26. b3 c4 27. bxc4
bxc4 28. dxc4 Rxc4 29. Rb1 Rec6 30. Nd3 Rc3 31. Nxe5 Rc1+ 32. Rxc1 Rxc1+ 33.
Kf2 fxe5 34. Rb3 Rc2+ 35. Kf3 h6 36. h3 Kh7 37. g3 h5 38. h4 Ra2 39. Rd3 Rb2
40. g4 hxg4+ 41. Kxg4 Rf2 42. Rb3 Rf4+ 43. Kg5 Rxe4 44. Rb7 d3 45. Kh5 d2 46.
Rxg7+ Kxg7 0-1

[Event "30. Open Pula 2016"]
[Site "Pula CRO"]
[Date "2016.09.12"]
[Round "3.19"]
[White "Slamar, Velimir"]
[Black "Travin, Vladimir"]
[Result "1-0"]
[WhiteElo "2116"]
[BlackElo "1942"]
[PlyCount "113"]
[EventDate "2016.09.10"]
[EventType "swiss"]
[EventRounds "9"]
[EventCountry "CRO"]
[SourceTitle "Ajedrez en Madrid"]
[Source "lmi"]
[SourceDate "2016.09.10"]
[SourceVersion "1"]
[SourceVersionDate "2017.04.19"]
[SourceQuality "1"]

1. d4 d5 2. c4 c6 3. Nf3 Nf6 4. e3 e6 5. Nc3 Be7 6. Bd3 O-O 7. O-O Nbd7 8. cxd5
exd5 9. h3 h6 10. a3 a5 11. Qc2 Re8 12. Bd2 Bd6 13. Rfe1 Nf8 14. e4 dxe4 15.
Nxe4 Nxe4 16. Bxe4 Be6 17. Ne5 Nd7 18. Bc3 Nf6 19. Bd3 Nd5 20. Bh7+ Kh8 21. Bf5
Qf6 22. Bxe6 Rxe6 23. Ng4 Qg6 24. Qxg6 Rxg6 25. Ne5 Bxe5 26. Rxe5 Nxc3 27. bxc3
Re6 28. Rxe6 fxe6 29. Rb1 Rb8 30. Re1 Re8 31. Re5 b6 32. Kf1 Kg8 33. Ke2 Kf7
34. Kd3 Ke7 35. c4 Kd6 36. f4 Rf8 37. c5+ bxc5 38. dxc5+ Kd7 39. Re4 Rb8 40.
Rd4+ Kc7 41. Kc3 Rb1 42. Kc2 Rg1 43. g4 Rg3 44. Rd3 Rxd3 45. Kxd3 Kd7 46. Ke4
g5 47. f5 Ke7 48. Ke5 exf5 49. Kxf5 Kf7 50. Ke5 Ke7 51. a4 Kd7 52. Kf6 Ke8 53.
Ke6 Kf8 54. Kd6 Kf7 55. Kxc6 Kf6 56. Kd6 h5 57. c6 1-0

[Event "30. Open Pula 2016"]
[Site "Pula CRO"]
[Date "2016.09.12"]
[Round "3.20"]
[White "Mestek, Igor"]
[Black "Becking, Franz Josef"]
[Result "1-0"]
[WhiteElo "2110"]
[BlackElo "1927"]
[PlyCount "67"]
[EventDate "2016.09.10"]
[EventType "swiss"]
[EventRounds "9"]
[EventCountry "CRO"]
[SourceTitle "Ajedrez en Madrid"]
[Source "lmi"]
[SourceDate "2016.09.10"]
[SourceVersion "1"]
[SourceVersionDate "2017.04.19"]
[SourceQuality "1"]

1. e4 e6 2. Nf3 d5 3. Nc3 Nf6 4. e5 Nfd7 5. d4 c5 6. dxc5 Bxc5 7. Bd3 Nc6 8.
Bf4 Qb6 9. O-O Qxb2 10. Nb5 Kf8 11. Bd2 d4 12. Qe2 a6 13. Rfb1 Qxb1+ 14. Rxb1
axb5 15. Bxb5 Rxa2 16. Qc4 Ra8 17. h4 h6 18. h5 Kg8 19. g4 Kh7 20. Qe2 Rf8 21.
Qe4+ Kg8 22. g5 hxg5 23. Bxg5 f6 24. exf6 Nxf6 25. Bxf6 Rxf6 26. Bxc6 bxc6 27.
Qxc6 Ra3 28. Qxc8+ Bf8 29. Nxd4 e5 30. Nf5 Rf3 31. Ng3 R6f4 32. Qe6+ Kh7 33.
Ne4 Rg4+ 34. Qxg4 1-0

[Event "30. Open Pula 2016"]
[Site "Pula CRO"]
[Date "2016.09.13"]
[Round "4.1"]
[White "Zierke, Oliver"]
[Black "Srbis, Jurica"]
[Result "0-1"]
[WhiteElo "2238"]
[BlackElo "2415"]
[PlyCount "82"]
[EventDate "2016.09.10"]
[EventType "swiss"]
[EventRounds "9"]
[EventCountry "CRO"]
[SourceTitle "Ajedrez en Madrid"]
[Source "lmi"]
[SourceDate "2016.09.10"]
[SourceVersion "1"]
[SourceVersionDate "2017.04.19"]
[SourceQuality "1"]

1. d4 Nf6 2. Nf3 e6 3. Bg5 h6 4. Bh4 b6 5. e3 Bb7 6. Bd3 g5 7. Bg3 g4 8. Nh4
Rg8 9. Nd2 Nh5 10. Be2 Qg5 11. c3 Be7 12. Qa4 f5 13. O-O-O f4 14. exf4 Nxf4 15.
Rhe1 Nxe2+ 16. Rxe2 Nc6 17. f3 O-O-O 18. fxg4 Qxg4 19. Nhf3 h5 20. Rde1 Bf6 21.
Ne4 Bg7 22. Kb1 Kb8 23. Ka1 Rdf8 24. Qa3 Bh6 25. d5 exd5 26. Bxc7+ Kxc7 27.
Qd6+ Kd8 28. Nf6 Bf4 29. Ne5 Bxe5 30. Rxe5 Rxf6 31. Qxf6+ Kc8 32. Rxd5 Qxg2 33.
Qf7 Rd8 34. Qxh5 Nb4 35. Rg5 Qf2 36. Rc1 Nc2+ 37. Kb1 Be4 38. Rgg1 a6 39. Qg4
Na3+ 40. Ka1 Nc4 41. Rb1 Ne3 0-1

[Event "30. Open Pula 2016"]
[Site "Pula CRO"]
[Date "2016.09.13"]
[Round "4.2"]
[White "Berke, Ana"]
[Black "Krsnik Cohar, Ivan Vihor"]
[Result "0-1"]
[WhiteElo "2128"]
[BlackElo "2330"]
[PlyCount "88"]
[EventDate "2016.09.10"]
[EventType "swiss"]
[EventRounds "9"]
[EventCountry "CRO"]
[SourceTitle "Ajedrez en Madrid"]
[Source "lmi"]
[SourceDate "2016.09.10"]
[SourceVersion "1"]
[SourceVersionDate "2017.04.19"]
[SourceQuality "1"]

1. e4 c6 2. d4 d5 3. exd5 cxd5 4. c4 Nf6 5. Nc3 Nc6 6. Bg5 Be6 7. Nf3 g6 8.
Bxf6 exf6 9. Qb3 Bb4 10. a3 Bxc3+ 11. bxc3 O-O 12. c5 Re8 13. Be2 Bf5 14. Kf1
Na5 15. Qa2 b6 16. Rd1 Rc8 17. cxb6 Rxc3 18. Bb5 Rc2 19. Qa1 Re7 20. bxa7 Rxa7
21. Re1 Qb6 22. a4 Be4 23. h4 Nb3 24. Qd1 h5 25. Rh3 Rac7 26. Rg3 Bxf3 27. gxf3
Qxd4 28. Qxd4 Nxd4 29. f4 Nxb5 30. axb5 Rb2 31. f5 Kg7 32. f4 Rc4 33. Rf3 gxf5
34. Re2 Rxb5 35. Kf2 Rbb4 36. Kg3 d4 37. Kh2 Rc3 38. Rff2 Rbb3 39. Re8 Rh3+ 40.
Kg2 Rbg3+ 41. Kf1 Rxh4 42. Rd8 d3 43. Ra2 Rxf4+ 44. Ke1 Rg1+ 0-1

[Event "30. Open Pula 2016"]
[Site "Pula CRO"]
[Date "2016.09.13"]
[Round "4.3"]
[White "Fercec, Nenad"]
[Black "Jurman, Roberto"]
[Result "1-0"]
[WhiteElo "2441"]
[BlackElo "2186"]
[PlyCount "35"]
[EventDate "2016.09.10"]
[EventType "swiss"]
[EventRounds "9"]
[EventCountry "CRO"]
[SourceTitle "Ajedrez en Madrid"]
[Source "lmi"]
[SourceDate "2016.09.10"]
[SourceVersion "1"]
[SourceVersionDate "2017.04.19"]
[SourceQuality "1"]

1. e4 e6 2. d4 d5 3. Nd2 Nf6 4. e5 Nfd7 5. Bd3 c5 6. c3 Nc6 7. Ne2 Qb6 8. Nf3
Be7 9. O-O f5 10. Nf4 Nd8 11. Bxf5 g5 12. Nxg5 Bxg5 13. Qh5+ Nf7 14. Bxe6 Ndxe5
15. Re1 Bxf4 16. Bxf7+ Kf8 17. dxe5 Bxc1 18. e6 1-0

[Event "30. Open Pula 2016"]
[Site "Pula CRO"]
[Date "2016.09.13"]
[Round "4.4"]
[White "Loncar, Robert"]
[Black "Mis, Mieszko"]
[Result "1/2-1/2"]
[WhiteElo "2389"]
[BlackElo "2194"]
[PlyCount "53"]
[EventDate "2016.09.10"]
[EventType "swiss"]
[EventRounds "9"]
[EventCountry "CRO"]
[SourceTitle "Ajedrez en Madrid"]
[Source "lmi"]
[SourceDate "2016.09.10"]
[SourceVersion "1"]
[SourceVersionDate "2017.04.19"]
[SourceQuality "1"]

1. d4 d5 2. c4 c6 3. cxd5 cxd5 4. Nc3 Nf6 5. Bf4 Nc6 6. e3 a6 7. Bd3 Bg4 8. Qb3
Na5 9. Qa4+ Bd7 10. Qc2 e6 11. Nf3 Be7 12. O-O O-O 13. Rac1 Rc8 14. Ne5 b5 15.
Qe2 Qb6 16. Bg5 Bc6 17. f4 b4 18. Nb1 Bb5 19. Bxf6 Bxf6 20. Bxh7+ Kxh7 21. Qh5+
Kg8 22. Rxc8 Rxc8 23. Qxf7+ Kh7 24. Qg6+ Kh8 25. Nf7+ Kg8 26. Nh6+ Kh8 27. Nf7+
1/2-1/2

[Event "30. Open Pula 2016"]
[Site "Pula CRO"]
[Date "2016.09.13"]
[Round "4.5"]
[White "Hresc, Vladimir"]
[Black "Kljako, Damir"]
[Result "1-0"]
[WhiteElo "2354"]
[BlackElo "2157"]
[PlyCount "73"]
[EventDate "2016.09.10"]
[EventType "swiss"]
[EventRounds "9"]
[EventCountry "CRO"]
[SourceTitle "Ajedrez en Madrid"]
[Source "lmi"]
[SourceDate "2016.09.10"]
[SourceVersion "1"]
[SourceVersionDate "2017.04.19"]
[SourceQuality "1"]

1. e4 g6 2. d4 Bg7 3. Nc3 d6 4. Be3 c6 5. Qd2 b5 6. f4 Nf6 7. Bd3 Ng4 8. Nf3
Nxe3 9. Qxe3 Qb6 10. e5 dxe5 11. fxe5 O-O 12. O-O Na6 13. a3 Nc7 14. Ne4 Be6
15. Nc5 Rad8 16. c3 Bd5 17. h4 Ne6 18. b4 h5 19. a4 a6 20. axb5 axb5 21. Ra6
Qc7 22. Rfa1 Nxc5 23. bxc5 Rb8 24. Ng5 Bh6 25. Qg3 Qd7 26. Ra7 Rb7 27. Rxb7
Qxb7 28. e6 f5 29. Nf7 Kh7 30. Re1 Qb8 31. Re5 Rxf7 32. exf7 Bxf7 33. Qf3 Qc7
34. Rxf5 Be8 35. Rxh5 e6 36. Qf8 Qg7 37. Qxe8 1-0

[Event "30. Open Pula 2016"]
[Site "Pula CRO"]
[Date "2016.09.13"]
[Round "4.6"]
[White "Ostovic, Matija"]
[Black "Csiki, Endre"]
[Result "1-0"]
[WhiteElo "2337"]
[BlackElo "2029"]
[PlyCount "71"]
[EventDate "2016.09.10"]
[EventType "swiss"]
[EventRounds "9"]
[EventCountry "CRO"]
[SourceTitle "Ajedrez en Madrid"]
[Source "lmi"]
[SourceDate "2016.09.10"]
[SourceVersion "1"]
[SourceVersionDate "2017.04.19"]
[SourceQuality "1"]

1. e4 e6 2. d4 d5 3. Nd2 Nc6 4. Ngf3 Nf6 5. e5 Nd7 6. Nb3 a5 7. a4 Be7 8. Bb5
O-O 9. O-O Ndb8 10. Re1 b6 11. Nbd2 Ba6 12. Bxa6 Nxa6 13. Nf1 Qd7 14. Ng3 f6
15. exf6 Bxf6 16. c3 Rae8 17. Nh5 Qf7 18. Nxf6+ Qxf6 19. Bg5 Qg6 20. Bh4 Nab8
21. Bg3 Qf5 22. Bxc7 Nd7 23. Qe2 Rc8 24. Bd6 Rf6 25. Qb5 Ndb8 26. Bg3 Rcf8 27.
Qxb6 e5 28. Qc5 exd4 29. Nxd4 Nxd4 30. Qxd4 Nc6 31. Qc5 Re6 32. h3 Rfe8 33.
Rxe6 Rxe6 34. Rd1 Qc2 35. Qxd5 Kf7 36. Re1 1-0

[Event "30. Open Pula 2016"]
[Site "Pula CRO"]
[Date "2016.09.13"]
[Round "4.7"]
[White "Licardo, Renato"]
[Black "Sygulski, Pawel"]
[Result "1-0"]
[WhiteElo "2215"]
[BlackElo "2133"]
[PlyCount "63"]
[EventDate "2016.09.10"]
[EventType "swiss"]
[EventRounds "9"]
[EventCountry "CRO"]
[SourceTitle "Ajedrez en Madrid"]
[Source "lmi"]
[SourceDate "2016.09.10"]
[SourceVersion "1"]
[SourceVersionDate "2017.04.19"]
[SourceQuality "1"]

1. e4 c6 2. d4 d5 3. exd5 cxd5 4. Bd3 Nc6 5. c3 g6 6. Nf3 Bg7 7. O-O Nf6 8. Re1
O-O 9. h3 Bf5 10. Bf1 Re8 11. Bf4 Ne4 12. Nbd2 Qb6 13. g4 Bd7 14. Nxe4 dxe4 15.
Rxe4 Qxb2 16. Rb1 Qxc3 17. Rxb7 Be6 18. Rb5 Nb4 19. Rxe6 fxe6 20. Bd2 Qc2 21.
Qe2 Nxa2 22. Qxe6+ Kh8 23. Ra5 Nc1 24. Rc5 Qd1 25. Ng5 Rf8 26. Bxc1 Rxf2 27.
Kxf2 Bxd4+ 28. Kg2 Rf8 29. Nf7+ Kg8 30. Rc8 Rxc8 31. Ng5+ Kg7 32. Qf7+ 1-0